Les tribunaux administratifs et la Constitution : etude des articles 96 a 101 de 1'A.A.N.B.

Zapisane w:
Opis bibliograficzny
1. autor: Pepin, Gilles, 1934-
Format: Książka
Język:English
Wydane: Montreal : Presses de l'Universite de Montreal, 1969.
Hasła przedmiotowe:
LEADER 00897nam a2200217 i 4500
001 c000026312
003 CARM
005 00000000000000.0
008 840914s1969 quc 0 eng d
019 1 |a 7205781  |z 9249186  |5 LACONCORD2021 
035 |a (OCoLC)22551843  |5 LACONCORD2021 
100 1 |a Pepin, Gilles,  |d 1934-. 
245 1 0 |a Les tribunaux administratifs et la Constitution :  |b etude des articles 96 a 101 de 1'A.A.N.B. 
260 |a Montreal :  |b Presses de l'Universite de Montreal,  |c 1969. 
300 |a 422 p. 
500 |a Bibliography: p.[411]-420. 
650 0 |a Administrative courts  |z Canada. 
650 0 |a Judicial review of administrative acts  |z Canada. 
852 8 |b CARM  |h A2:AF12G0  |i B01644  |p 0074460  |f BK 
999 f f |i 9f38e45f-3ac3-5147-93e6-1613b167c042  |s abd0c625-3e2b-53f7-961c-e9963e2de9bb 
952 f f |p Can circulate  |a CAVAL  |b CAVAL  |c CAVAL  |d CARM 1 Store  |e B01644  |f A2:AF12G0  |h Other scheme  |i book  |m 0074460